[Event "bategoll_235"]
[Site "http://www.queenalice.com/game.php?id=1372182"]
[Date "2015.7.20"]
[Round "-"]
[White "mike53"]
[Black "Bategoll"]
[Result "0-1"]
[WhiteElo "1100"]
[BlackElo "1819"]

1. b4 e5 2. b5 d5 3. a4 c5 4. Bb2 Bd6 5. Nf3 Nf6 6. d3 d4 7. h3 Nbd7 8. e4 Nf8
9. Be2 Ng6 10. Nbd2 b6 11. g3 Be6 12. Ng5 Bd7 13. g4 Nh4 14. O-O Nxg4 15. Bxg4
Qxg5 16. Nf3 Nxf3+ 17. Kh1 Bxg4 18. Qc1 Bxh3 19. Qxg5 Nxg5 20. Rg1 h6 21. Bc1
Be6 22. Bb2 Rg8 23. Rac1 f6 24. c3 Bb3 25. cxd4 Bxa4 26. dxe5 fxe5 27. Rc4 Bxb5
28. Rc3 Bc6 29. Ba3 Ne6 30. Rg6 Ke7 31. Bc1 b5 32. Ra3 b4 33. Ra6 Bb5 34. Ra5
Bxd3 35. f3 c4 36. Rd5 b3 37. f4 Bxe4+ 38. Kg1 Bxd5 39. f5 Bc5+ 40. Kf1 Be4 41.
Rxe6+ Kd7 42. Rxe5 Bd3+ 43. Kg2 Bb6 44. Rd5+ Kc7 45. Bf4+ Kb7 46. Rd7+ Ka6 47.
Kg3 Bxf5 48. Kf3 Bxd7 49. Kg2 c3 50. Kf1 b2 0-1

[Event "Let's Play Chess!"]
[Site "http://www.queenalice.com/game.php?id=1372313"]
[Date "2015.7.20"]
[Round "-"]
[White "mike53"]
[Black "Nimzou"]
[Result "1-0"]
[WhiteElo "1100"]
[BlackElo "1251"]

1. e4 e5 2. d3 Ne7 3. Bd2 h6 4. Be2 Nbc6 5. Nc3 g6 6. Nf3 a6 7. O-O b6 8. a3 Bb7
9. b4 b5 10. Nd5 Nxd5 11. exd5 Ne7 12. Nxe5 d6 13. Nc6 Bxc6 14. dxc6 Nxc6 15.
Bf3 Bg7 16. Bxc6+ Ke7 17. Qe1+ Be5 18. Bxa8 Qxa8 19. Rb1 Qf8 20. Bf4 f6 21. d4
g5 22. Bxe5 fxe5 23. d5 h5 24. Qe3 g4 25. Qg5+ 1-0

[Event "Let's Play Chess!"]
[Site "http://www.queenalice.com/game.php?id=1372339"]
[Date "2015.7.20"]
[Round "-"]
[White "mike53"]
[Black "igorjava"]
[Result "0-1"]
[WhiteElo "1312"]
[BlackElo "1947"]

1. e4 c5 2. e5 Nc6 3. f4 e6 4. d3 d6 5. Nf3 dxe5 6. fxe5 h6 7. Be2 Nge7 8. Nc3
a6 9. Ne4 Ng6 10. Bd2 Be7 11. O-O O-O 12. c4 Ncxe5 13. Nxe5 Nxe5 14. Bf4 Ng6 15.
Bg3 f5 16. Nc3 Rb8 17. Bxb8 Bd7 18. Bg3 Bc6 19. Na4 Bd6 20. Bxd6 Qxd6 21. Bh5
Nf4 22. Nb6 Nxh5 23. Qxh5 Be8 24. Qh4 Qxb6 25. b3 Qc7 26. Qe1 Bd7 27. a4 a5 0-1

[Event "AUTO-OPEN-3514"]
[Site "http://www.queenalice.com/game.php?id=1372355"]
[Date "2015.7.20"]
[Round "1"]
[White "Eddiemasses"]
[Black "mike53"]
[Result "0-1"]
[WhiteElo "1171"]
[BlackElo "1238"]

1. e4 e5 2. Nf3 d6 3. d4 Nc6 4. d5 Nd4 5. Be2 Nxe2 6. Qxe2 h6 7. Nc3 Bg4 8. h3
Bxf3 9. Qxf3 f6 10. Be3 Be7 11. O-O-O a6 12. g4 g5 13. Qf5 Qd7 14. Qg6+ Kd8 15.
Qg7 c5 16. Qxh8 Kc7 17. f3 Rf8 0-1

[Event "AUTO-OPEN-3514"]
[Site "http://www.queenalice.com/game.php?id=1372356"]
[Date "2015.7.20"]
[Round "1"]
[White "mike53"]
[Black "Eddiemasses"]
[Result "1-0"]
[WhiteElo "1280"]
[BlackElo "1171"]

1. e4 c5 2. e5 Nc6 3. f4 d6 4. exd6 e6 5. Bb5 Qxd6 6. Bxc6+ Qxc6 7. Nf3 Bd6 8.
d3 Nf6 9. Nc3 O-O 10. O-O Re8 11. a3 h6 12. Ne2 e5 13. Nxe5 Bxe5 14. fxe5 Rxe5
15. Bf4 Re7 16. Bg3 Bf5 17. b3 Rae8 18. Nc3 1-0

[Event "AUTO-OPEN-3514"]
[Site "http://www.queenalice.com/game.php?id=1372383"]
[Date "2015.7.20"]
[Round "1"]
[White "Morau"]
[Black "mike53"]
[Result "0-1"]
[WhiteElo "1978"]
[BlackElo "1238"]

1. e4 e5 2. Nf3 d6 3. d4 Bg4 4. Be2 exd4 5. Nxd4 Bxe2 6. Nxe2 h6 7. O-O Nf6 8.
Nbc3 Be7 9. Re1 O-O 10. Nf4 Nc6 11. Ncd5 Nxd5 12. Nxd5 Ne5 13. b3 Bf6 14. Nxf6+
Qxf6 15. Bb2 a6 0-1

[Event "AUTO-OPEN-3514"]
[Site "http://www.queenalice.com/game.php?id=1372384"]
[Date "2015.7.20"]
[Round "1"]
[White "mike53"]
[Black "Morau"]
[Result "1-0"]
[WhiteElo "1238"]
[BlackElo "1978"]

1. e4 e5 2. d3 Nf6 3. a3 Nc6 4. Bd2 d5 5. Bg5 Be7 6. exd5 Nxd5 7. Bxe7 Ncxe7 8.
Nf3 Bg4 9. Be2 Nc6 10. h3 Bh5 11. g4 Bg6 12. c4 Nf4 13. Bf1 O-O 14. Nc3 Re8 15.
b4 1-0

[Event "AUTO-OPEN-3514"]
[Site "http://www.queenalice.com/game.php?id=1372402"]
[Date "2015.7.20"]
[Round "1"]
[White "mike53"]
[Black "maurice91"]
[Result "0-1"]
[WhiteElo "1100"]
[BlackElo "1943"]

1. b4 b5 2. e4 Bb7 3. f3 a6 4. d3 d5 5. e5 d4 6. Nh3 e6 7. Be2 Bxb4+ 8. Bd2 Qe7
9. a3 Bxd2+ 10. Qxd2 Nh6 11. Nf4 c5 12. O-O Nf5 13. Re1 Ne3 14. c4 Qg5 15. g3 h5
16. Nh3 Qf5 17. Nf4 h4 18. Ng2 Nxg2 19. g4 Qf4 20. Qxf4 Nxf4 21. Nd2 g5 22. Ne4
Bxe4 23. fxe4 Nd7 24. cxb5 axb5 25. Bf1 Nxe5 26. Rec1 Rc8 27. h3 Nfxd3 28. Bxd3
Nxd3 29. Rc2 Ke7 30. a4 bxa4 31. Rxa4 Rc7 32. Rd2 Nf4 33. Kh2 d3 34. e5 c4 35.
Kg1 c3 36. Rd1 Nxh3+ 37. Kg2 Nf4+ 38. Kf3 h3 39. Rxf4 gxf4 40. Kxf4 d2 41. Ra1
c2 42. g5 c1=Q 43. Rxc1 dxc1=Q+ 44. Ke4 Rh4+ 45. Kf3 Rc3+ 46. Ke2 h2 0-1

[Event "OS INCLIVEIS"]
[Site "http://www.queenalice.com/game.php?id=1374166"]
[Date "2015.7.29"]
[Round "-"]
[White "adelio"]
[Black "mike53"]
[Result "0-1"]
[WhiteElo "1645"]
[BlackElo "1238"]

1. d4 e6 2. c4 d6 3. e4 h6 4. Be2 Bd7 5. Nc3 Be7 6. Nf3 a6 7. h4 Nc6 8. h5 Nf6
9. Nh4 e5 10. Nf5 Bxf5 11. exf5 Nxd4 12. g4 O-O 13. g5 Nxe2 14. Qxe2 hxg5 15.
Bxg5 c5 16. h6 Nh7 17. hxg7 Kxg7 18. Rxh7+ Kg8 19. Bxe7 Qxe7 20. Qh5 Qf6 21. Kd2
Rfd8 22. Rg1+ Kf8 23. Rh8+ Ke7 24. Nd5+ Kd7 25. Nxf6+ Kc6 26. Qf3+ Kc7 27. Rxd8
Rxd8 0-1

[Event "AUTO-OPEN-3514"]
[Site "http://www.queenalice.com/game.php?id=1402369"]
[Date "2016.1.5"]
[Round "2"]
[White "mike53"]
[Black "Bira47"]
[Result "0-1"]
[WhiteElo "1312"]
[BlackElo "2007"]

1. b4 g6 2. b5 Bg7 3. d4 c6 4. bxc6 dxc6 5. h3 Nf6 6. e3 O-O 7. Be2 Re8 8. Nf3
Nbd7 9. O-O e5 10. Nxe5 Nxe5 11. Nc3 Ned7 12. Bd2 Nd5 13. Nxd5 cxd5 14. Bb5 a6
15. Bxd7 Qxd7 16. a4 b5 17. axb5 Qxb5 18. Ba5 Bf5 19. g4 Be6 20. Bd2 f5 21. Rb1
Qc6 22. g5 f4 23. h4 Bf5 24. Rb2 Bh3 25. Re1 Qd7 26. exf4 Bxd4 27. Rxe8+ Rxe8
28. c3 Bg4 29. Qf1 Be2 30. Qc1 Qg4+ 31. Kh2 Qxh4+ 32. Kg2 Qxf2+ 33. Kh3 Bf1+ 34.
Kg4 Qg2+ 35. Kh4 Bf2# 0-1

[Event "AUTO-OPEN-3514"]
[Site "http://www.queenalice.com/game.php?id=1402370"]
[Date "2016.1.5"]
[Round "2"]
[White "Bira47"]
[Black "mike53"]
[Result "1-0"]
[WhiteElo "2009"]
[BlackElo "1312"]

1. c4 d5 2. cxd5 Qxd5 3. Nc3 Qd8 4. g3 e6 5. Bg2 Bb4 6. a3 Bxc3 7. bxc3 Ne7 8.
e3 O-O 9. d4 Nd5 10. Bb2 Bd7 11. c4 Ne7 12. Bxb7 Bc6 13. Bxa8 Bxa8 14. Nf3 Bxf3
15. Qxf3 c6 16. O-O a5 17. d5 exd5 18. Rad1 f6 19. cxd5 cxd5 20. a4 Nbc6 21. Ba3
Nb4 22. e4 Qd7 23. exd5 Nc2 24. d6 Ng6 25. Qb3+ Kh8 26. Qxc2 Rc8 27. Qb3 Ne5 28.
Rc1 h5 29. Rxc8+ Qxc8 30. Rc1 Qd7 31. Rc7 Qg4 32. Qb8+ Kh7 33. Qb1+ Kh6 34. Bc1+
1-0

[Event "AUTO-OPEN-3514"]
[Site "http://www.queenalice.com/game.php?id=1402371"]
[Date "2016.1.5"]
[Round "2"]
[White "mike53"]
[Black "Haso"]
[Result "0-1"]
[WhiteElo "1312"]
[BlackElo "1918"]

1. b4 e5 2. b5 a6 3. e4 Nf6 4. bxa6 Bc5 5. axb7 Bxb7 6. d3 d5 7. Nc3 O-O 8. exd5
Bd4 9. Bd2 Nxd5 10. Nge2 Nxc3 11. Bxc3 Qh4 12. Bxd4 exd4 13. Ng3 Re8+ 14. Be2
Bxg2 15. Qb1 Bxh1 16. Nxh1 Qxh2 17. Ng3 Nd7 18. Kd2 Qxf2 19. Ne4 Qe3+ 20. Kd1
Rxe4 21. dxe4 Nc5 22. Qc1 Qg1+ 23. Kd2 Qg3 24. Qg1 Qc3+ 0-1

[Event "AUTO-INT-3129"]
[Site "http://www.queenalice.com/game.php?id=1419253"]
[Date "2016.4.21"]
[Round "1"]
[White "vangogh"]
[Black "mike53"]
[Result "0-1"]
[WhiteElo "1590"]
[BlackElo "1353"]

1. e4 e5 2. d4 d6 3. d5 Be7 4. a3 a6 5. c4 h6 6. b4 Bd7 7. Nc3 Nf6 8. h3 O-O 9.
Nf3 Nh5 10. g4 Nf6 11. a4 Be8 12. g5 hxg5 13. Bxg5 Nh5 14. h4 Nf4 15. Bxf4 exf4
16. Qd4 Bf6 17. Qd3 Bxc3+ 18. Qxc3 Nd7 19. Rg1 f6 20. Bh3 Ne5 21. Nxe5 dxe5 22.
O-O-O Bh5 23. Rd3 Qe8 24. d6 cxd6 25. Rxd6 Qxa4 26. Be6+ Bf7 27. h5 Kh7 28. Bf5+
Kh6 29. Rh1 Rad8 30. Rhd1 Rxd6 31. Rxd6 Bxh5 32. Bd7 Qa2 33. c5 Qxf2 34. Bc6
bxc6 35. Rxc6 Qf1+ 36. Kb2 Qe2+ 37. Kb3 Qb5 38. Rb6 Bd1+ 39. Kb2 Qe2+ 40. Kc1
Kh7 41. c6 Ba4 42. c7 Qd1+ 43. Kb2 Rc8 44. Rxa6 Qe2+ 45. Kc1 Qxa6 46. Qh3+ Kg8
47. Qd7 Bxd7 0-1

[Event "AUTO-INT-3129"]
[Site "http://www.queenalice.com/game.php?id=1419254"]
[Date "2016.4.21"]
[Round "1"]
[White "mike53"]
[Black "vangogh"]
[Result "1-0"]
[WhiteElo "1312"]
[BlackElo "1534"]

1. b4 e5 2. b5 d5 3. a4 e4 4. e3 d4 5. Ba3 a6 6. Bxf8 Kxf8 7. Nh3 Bxh3 8. gxh3
axb5 9. Bxb5 c6 10. Be2 Qg5 11. exd4 Qg2 12. Rf1 Qxh2 13. Nc3 Nf6 14. Bg4 Na6
15. Qe2 Nb4 16. O-O-O Re8 17. Qc4 Qd6 18. Kb1 h5 19. Bf5 Qxd4 20. Qxd4 Ng8 21.
Qxb4+ Re7 22. Nxe4 g6 23. Bc8 f5 24. Ng5 Nf6 25. Rfe1 Nd5 26. Ne6+ Kf7 27. Ng5+
Kf6 28. Qh4 Rxc8 29. Nh7+ Kf7 30. Rxe7+ Nxe7 31. Qf6+ Ke8 32. Qf8+ Kd7 33. Nf6+
Kc7 34. Qxe7+ Kb8 35. c4 Rc7 36. Qd6 Ka7 37. Qxc7 1-0

[Event "AUTO-INT-3129"]
[Site "http://www.queenalice.com/game.php?id=1419267"]
[Date "2016.4.21"]
[Round "1"]
[White "deathbydixxon"]
[Black "mike53"]
[Result "1-0"]
[WhiteElo "1626"]
[BlackElo "1364"]

1. e4 e5 2. Nf3 d6 3. h3 a6 4. d4 h6 5. dxe5 dxe5 6. Qxd8+ Kxd8 7. Nxe5 Be6 8.
Bc4 Ke7 9. Bxe6 Kxe6 10. Nd3 b6 11. O-O Nf6 12. Nc3 Bb4 13. Nxb4 a5 14. Nbd5
Nxd5 15. Nxd5 Kd7 16. Bf4 Nc6 17. Rad1 Kc8 18. Nxc7 Ra7 19. Nb5 Rd7 20. Rxd7
Kxd7 21. Rd1+ Kc8 22. Nd6+ Kb8 23. Nxf7+ Ka7 24. Nxh8 Nb4 25. c3 Nc6 26. Rd7+
Ka6 27. Rc7 Nd8 28. Be3 Ne6 29. Re7 Nd8 30. Nf7 Nc6 31. Ne5 Nxe7 32. Nd7 g5 33.
Bxb6 Ng6 34. Be3 Kb5 35. b3 a4 36. e5 Kc6 37. Nc5 Nxe5 38. Nxa4 Nd3 39. h4 gxh4
40. Bxh6 Kb5 41. Bf8 Nf4 42. c4+ 1-0

[Event "AUTO-INT-3129"]
[Site "http://www.queenalice.com/game.php?id=1419268"]
[Date "2016.4.21"]
[Round "1"]
[White "mike53"]
[Black "deathbydixxon"]
[Result "0-1"]
[WhiteElo "1358"]
[BlackElo "1632"]

1. e4 e5 2. a3 Nf6 3. d3 h6 4. Bd2 d5 5. h3 dxe4 6. Be2 exd3 7. Bxd3 e4 8. Bb5+
Bd7 9. Bxd7+ Qxd7 10. Ne2 Bc5 11. O-O O-O 12. Bb4 Qxd1 13. Rxd1 Bxb4 14. axb4 b5
15. Nbc3 a6 16. Nd4 Nbd7 17. Nf5 c5 18. Ne7+ Kh7 19. Ned5 c4 20. Nxf6+ Nxf6 21.
Re1 Rfe8 22. g4 Ra7 23. Ne2 e3 24. f3 Nd5 25. Nd4 Nf4 26. Nc6 Rc7 27. Nd4 Nxh3+
28. Kh2 Nf4 29. Nf5 e2 30. Nd6 Re3 31. Kg3 Nd5 32. Rxa6 Nxb4 33. Nf5 Nxa6 34.
Nxe3 Re7 35. Rxe2 Nb4 36. c3 Nc2 37. Rxc2 Rxe3 38. Rd2 Re5 39. Kf4 f6 40. Rd4
Kg6 41. Re4 Rg5 0-1

[Event "AUTO-INT-3129"]
[Site "http://www.queenalice.com/game.php?id=1419275"]
[Date "2016.4.21"]
[Round "1"]
[White "nuage"]
[Black "mike53"]
[Result "1-0"]
[WhiteElo "1536"]
[BlackElo "1376"]

1. Nf3 e6 2. d3 d6 3. g3 Be7 4. Bg2 Bd7 5. O-O Nc6 6. c4 h6 7. Nbd2 Nf6 8. Rb1
e5 9. b4 Bg4 10. b5 Bxf3 11. Bxf3 g5 12. bxc6 b6 13. Bb2 a5 14. a4 g4 15. Bg2
O-O 16. e3 h5 17. Ne4 Nxe4 18. Bxe4 Qc8 19. h3 Kh8 20. d4 f6 21. Bg6 f5 22. dxe5
Kg7 23. Bxh5 gxh3 24. exd6+ Kh6 25. dxe7 Re8 26. Bxe8 Qxe8 27. Bf6 Qxc6 28. Qd5
Qxd5 29. cxd5 Re8 30. f3 Kg6 31. Bh4 Kh5 32. d6 cxd6 33. Rxb6 d5 34. Rb5 Rc8 35.
Rxd5 Re8 36. Rxf5+ Kg6 37. e4 Rc8 38. Rg5+ Kf7 39. Rf5+ Ke6 40. Rd1 Re8 41. Rd8
Rxe7 42. Rf6+ Ke5 43. Rf5+ Ke6 44. Bxe7 Kxe7 45. Rdf8 Ke6 46. R8f6+ 1-0

[Event "AUTO-INT-3129"]
[Site "http://www.queenalice.com/game.php?id=1419276"]
[Date "2016.4.21"]
[Round "1"]
[White "mike53"]
[Black "nuage"]
[Result "0-1"]
[WhiteElo "1391"]
[BlackElo "1521"]

1. e4 e5 2. a3 Nc6 3. Nc3 Nf6 4. d3 d5 5. Bg5 Be7 6. Bxf6 Bxf6 7. exd5 Nd4 8.
Nf3 Bg4 9. Be2 O-O 10. Nxd4 exd4 11. Ne4 Bxe2 12. Qxe2 Re8 13. Nxf6+ Qxf6 14. f3
Rxe2+ 15. Kxe2 Re8+ 16. Kf2 Qh4+ 17. g3 Qe7 18. Rhe1 Qd8 19. Rxe8+ Qxe8 20. Re1
Qc8 21. g4 h6 22. h3 Qd8 23. Kf1 Qh4 24. Kg2 h5 25. Re8+ Kh7 26. Re4 hxg4 27.
Rxg4 Qe7 28. b4 Qe2+ 29. Kg3 Qe5+ 30. f4 Qe3+ 31. Kh2 Qd2+ 32. Kg3 f5 33. Rh4+
Kg6 34. Rh8 Qe3+ 35. Kg2 Qd2+ 36. Kf3 Qxc2 37. Kg3 Qxd3+ 38. Kf2 Qxa3 39. Rc8
Qe3+ 40. Kg2 Qxf4 41. b5 d3 42. Ra8 d2 43. Rxa7 d1=Q 0-1

[Event "AUTO-OPEN-3641"]
[Site "http://www.queenalice.com/game.php?id=1419381"]
[Date "2016.4.22"]
[Round "1"]
[White "mike53"]
[Black "Lopesq"]
[Result "0-1"]
[WhiteElo "1376"]
[BlackElo "1875"]

1. e4 c5 2. d3 Nc6 3. Be3 e5 4. Be2 d6 5. h3 Be7 6. Nc3 a6 7. Nd5 Bg5 8. Nf3
Bxe3 9. Nxe3 Nf6 10. Nd5 Be6 11. Nxf6+ Qxf6 12. Qd2 Bd7 13. a3 Nd4 14. Nxd4 cxd4
15. O-O-O O-O 16. f3 Bc6 17. b3 Qe7 18. a4 b5 19. a5 Rac8 20. b4 Qe6 21. Rdg1
Qa2 22. Kd1 Qb1+ 23. Qc1 Qxb4 24. Qa1 Bd7 25. g4 Rc3 26. g5 Ra3 27. Qc1 Rc8 28.
h4 Rb3 29. cxb3 Rxc1+ 30. Kxc1 Qa3+ 31. Kc2 Qa2+ 32. Kd1 Qxb3+ 33. Ke1 Qc3+ 34.
Kf2 Qd2 35. Re1 Qe3+ 36. Kf1 g6 37. Kg2 b4 38. Bd1 Qxd3 39. Kg3 b3 40. Be2 Qc3
41. Bxa6 b2 42. h5 Qxa5 43. Bd3 Be6 44. hxg6 fxg6 45. Re2 Qb6 46. Rb1 Qb3 47.
Ba6 Qa3 48. Rexb2 Qxa6 0-1

[Event "AUTO-OPEN-3641"]
[Site "http://www.queenalice.com/game.php?id=1419382"]
[Date "2016.4.22"]
[Round "1"]
[White "Lopesq"]
[Black "mike53"]
[Result "1-0"]
[WhiteElo "1808"]
[BlackElo "1353"]

1. Nf3 e6 2. d4 d6 3. c3 Be7 4. e4 a6 5. Bd3 Bd7 6. Nbd2 Nf6 7. Qe2 Nc6 8. b3
O-O 9. Bb2 b5 10. b4 d5 11. e5 Ne4 12. Bxe4 dxe4 13. Nxe4 g6 14. a3 f5 15. Ned2
Bg5 16. Nb3 h5 17. Nc5 Be7 18. Nxd7 Qxd7 19. O-O g5 20. Nd2 g4 21. Nb3 Bg5 22.
Nc5 Qd5 23. Bc1 Bxc1 24. Rfxc1 Ne7 25. Qe3 Kf7 26. Qh6 Ke8 27. Qxh5+ Rf7 28. Qh6
Rf8 29. Nxe6 Ng8 30. Qxf8+ Kd7 31. Qf7+ Ne7 32. Nc5+ Kd8 33. Qf8# 1-0

[Event "AUTO-OPEN-3641"]
[Site "http://www.queenalice.com/game.php?id=1419385"]
[Date "2016.4.22"]
[Round "1"]
[White "mike53"]
[Black "Spessatto"]
[Result "0-1"]
[WhiteElo "1376"]
[BlackElo "1949"]

1. e4 e5 2. a3 Bc5 3. Nf3 d6 4. h3 Nf6 5. d3 h6 6. Be3 Nbd7 7. Bxc5 Nxc5 8. Nc3
O-O 9. Be2 Be6 10. O-O Nh7 11. Nd5 c6 12. Nb4 Nd7 13. c4 Ng5 14. Nxg5 Qxg5 15.
g4 Nf6 16. Qc1 Qh4 17. Kh2 Nxg4+ 18. Kg2 Nf6 19. Rh1 Nh5 20. Bxh5 Qxh5 21. Qd1
Qg5+ 22. Kf1 Qh4 23. Qf3 f5 24. exf5 Bxf5 25. Qg3 Bxd3+ 26. Nxd3 Qxg3 27. Rd1 e4
28. Rg1 Qxh3+ 29. Ke1 exd3 30. Kd2 Rxf2+ 31. Kc1 Qe3+ 32. Kb1 Qd4 33. Rxg7+ Qxg7
34. Rxd3 Qxb2# 0-1

[Event "AUTO-OPEN-3641"]
[Site "http://www.queenalice.com/game.php?id=1419386"]
[Date "2016.4.22"]
[Round "1"]
[White "Spessatto"]
[Black "mike53"]
[Result "1-0"]
[WhiteElo "2012"]
[BlackElo "1364"]

1. d4 e6 2. h3 d5 3. Nf3 h6 4. Bf4 Bd6 5. Ne5 Bxe5 6. dxe5 Ne7 7. e3 g5 8. Bh2
a6 9. Nd2 Nbc6 10. c3 Nf5 11. Bd3 Nh4 12. O-O Ne7 13. Nf3 Nxf3+ 14. Qxf3 Nf5 15.
Bxf5 exf5 16. Rad1 c6 17. Qh5 Be6 18. f4 b5 19. b3 Qe7 20. Qe2 h5 21. fxg5 h4
22. Qf3 Qxg5 23. Bf4 Qg6 24. Kf2 a5 25. Ke2 a4 26. b4 a3 27. Rg1 f6 28. g3 Qh5
29. Rb1 Qxf3+ 30. Kxf3 d4 31. exd4 Bxa2 32. Rbe1 hxg3 33. Rxg3 fxe5 34. Rxe5+
Kd7 35. Rxf5 Bd5+ 36. Ke3 Rhe8+ 37. Be5 1-0